My Hero Academia Trivia (Easy) - Statistics

General Stats
  • This quiz has been taken 2,521 times
  • The average score is 10 of 15
Answer Stats
Hint Answer % Correct
Former Number One Hero/Symbol of Peace All Might
98%
Izuku Midoriya's Hero Name Deku
98%
Quirk: Explosion Katsuki Bakugo
97%
Hero Killer Stain
82%
Father of Todoroki/ Flame Hero Endeavor
77%
Tsuyu Asui's Hero Name Froppy
73%
Kirishima's Hero Name Red Riot
71%
Pro Hero/ Teacher of Class 1A Eraser Head
69%
Quirk: Fat Absorbtion Fat Gum
67%
Mirio Togata's Hero Name Lemillion
65%
Quirk: Double Twice
62%
High School/Where a lot of it takes place UA High
57%
Quirk: Acid Mino Ashido
54%
Quirk: High Specs Principal Nezu
31%
New Leader of the League of Villains Tomura Shiguraki
6%
No matching quizzes found
Score Distribution
Percent of People with Each Score
Percentile by Number Answered
Your Score History
You have not taken this quiz